Rosa ACF Fiorentina 2023-2024 - Statistics

Statistiche generali
  • Questo quiz è stato fatto 27 volte
  • Il punteggio medio è 18 su 28
Statistiche sulle risposte
Ruolo Giocatore % Corretto
P Pietro Terracciano
100%
D Cristiano Biraghi
90%
D Dodo
90%
D Lucas Martinez Quarta
86%
A Christian Kouamé
81%
D Nikola Milenkovic
81%
A Jonathan Ikonè
76%
D Luca Ranieri
76%
A M'Bala Nzola
76%
A Nicolas Gonzalez
76%
C Rolando Mandragora
76%
P Oliver Christensen
71%
A Riccardo Sottil
71%
D Fabiano Parisi
67%
C Giacomo Bonaventura
67%
A Lucas Beltran
67%
P Tommaso Martinelli
67%
A Andrea Belotti
57%
C Melo Arthur
57%
D Michael Kayode
57%
C Alfred Duncan
52%
C Antonín Barák
52%
C Gaetano Castrovilli
52%
C Maxime Lopez
52%
D Pietro Comuzzo
52%
D Davide Faraoni
38%
P Tommaso Vannucchi
29%
C Gino Infantino
14%
Nessun quiz corrispondente trovato
Distribuzione punteggi
Percentuale di utenti per punteggio
Percentile per numero di risposta
I tuoi punteggi nel tempo
Non hai fatto questo quiz